Jadrová energetika vo vzájomných vzťahoch SR a Ruska

Hlavný partner Slovenskej republiky v oblasti jadrovej energie - ruská spoločnosť Atomstrojexport, a.s. Projekty, na ktorých sa táto spoločnosť podiela. Jadrová energia ako možnosť zníženia emisií a možnosť zabezpečenia energetickej bezpečnosti Slovenskej republiky ako aj Európy. Dopyt po primárnej...

Descripción completa

Guardado en:
Detalles Bibliográficos
Autor principal: Drieniková, Kristína, 1982-
Formato: Capítulo de libro
Lenguaje:eslovaco
Materias:
Etiquetas: Agregar Etiqueta
Sin Etiquetas, Sea el primero en etiquetar este registro!

MARC

LEADER 00000nla$a2200000$$$4500
001 0100128
005 20240711110131.8
041 0 |a slo 
044 |a SK 
245 1 0 |a Jadrová energetika vo vzájomných vzťahoch SR a Ruska  |c Kristína Drieniková 
520 |a Hlavný partner Slovenskej republiky v oblasti jadrovej energie - ruská spoločnosť Atomstrojexport, a.s. Projekty, na ktorých sa táto spoločnosť podiela. Jadrová energia ako možnosť zníženia emisií a možnosť zabezpečenia energetickej bezpečnosti Slovenskej republiky ako aj Európy. Dopyt po primárnej surovine - uránovej rudy. Dlhodobé zmluvy o dodávkach paliva medzi Slovenskou republikou a ruskou spoločnosťou TVEL, producentom jadrového paliva. Možnosti ťažby uránovej rudy v Slovenskej republike. 
610 2 0 |a energetika 
610 2 0 |a zdroje energetické 
610 2 0 |a zdroje energie 
610 2 0 |a energia atómová 
610 2 0 |a rudy 
610 2 0 |a spolupráca medzinárodná 
610 2 0 |a bezpečnosť energetická 
610 2 0 |a Slovensko 
610 2 0 |a Rusko 
100 1 |a Drieniková, Kristína, 1982-